000 00645nam a22002057a 4500
005 20150708164359.0
008 140311b1990 eng||||| |||| 00| 0 spa d
020 _a0262071282
040 _aCO-BoIAVH
_cCO-BoIAVH
041 _aeng
044 _aenk
082 _a551.432
_bG378m
100 1 _aGerrard, John,
_d1944-
_935410
245 1 0 _aMountain environments :
_ban examination of the physical geography of mountains /
_cJohn Gerrard
260 _aCambridge, Mass
_bMIT Press
_c1990.
300 _avii, 317 p.
_bill.
_c24 cm.
504 _aIncluye referencias bibliográficas (p. 266-309)
650 0 _aMontañas
_920271
942 _2ddc
_cLIBRO
999 _c8264
_d8264